Top Fußball Marktwerte 2026 - Statistiken

Allgemein
  • Dieses Quiz wurde 686 mal gespielt
    20 seit der letzten Aktualisierung
  • Das Durchschnittsergebnis liegt bei 66 aus 95
Antwortstatistiken
Marktwert Verein Nationalität Spieler % Korrekt
100 Mio. € FC Liverpool Schweden Alexander Isak
100%
120 Mio. € FC Arsenal England Declan Rice
100%
200 Mio. € Manchester City Norwegen Erling Haaland
100%
120 Mio. € Real Madrid Uruguay Federico Valverde
100%
110 Mio. € FC Liverpool Deutschland Florian Wirtz
100%
120 Mio. € Bayern München Deutschland Jamal Musiala
100%
140 Mio. € Real Madrid England Jude Bellingham
100%
200 Mio. € Real Madrid Frankreich Kylian Mbappé
100%
200 Mio. € FC Barcelona Spanien Lamine Yamal
100%
140 Mio. € Bayern München Frankreich Michael Olise
100%
65 Mio. € Tottenham Niederlande Micky van de Ven
100%
150 Mio. € FC Barcelona Spanien Pedri
100%
150 Mio. € Real Madrid Brasilien Vinicius Junior
100%
80 Mio. € PSG Marokko Achraf Hakimi
93%
120 Mio. € FC Arsenal England Bukayo Saka
93%
110 Mio. € FC Chelsea England Cole Palmer
93%
90 Mio. € PSG Frankreich Désiré Doué
93%
110 Mio. € PSG Portugal João Neves
93%
75 Mio. € Juventus Turin Türkei Kenan Yildiz
93%
85 Mio. € Inter Mailand Argentinien Lautaro Martinez
93%
70 Mio. € Bayern München Kolumbien Luis Díaz
93%
100 Mio. € PSG Frankreich Ousmane Dembélé
93%
80 Mio. € Manchester City England Phil Foden
93%
80 Mio. € Newcastle United Italien Sandro Tonali
93%
110 Mio. € PSG Portugal Vitinha
93%
90 Mio. € FC Arsenal Frankreich William Saliba
93%
80 Mio. € FC Liverpool Argentinien Alexis Mac Allister
87%
90 Mio. € Real Madrid Türkei Arda Güler
87%
80 Mio. € Manchester United Kamerun Bryan Mbeumo
87%
70 Mio. € Bayern München Frankreich Dayot Upamecano
87%
90 Mio. € FC Chelsea Argentinien Enzo Fernández
87%
75 Mio. € FC Arsenal Brasilien Gabriel
87%
65 Mio. € Bayern München England Harry Kane
87%
90 Mio. € Atlético Madrid Argentinien Julián Alvarez
87%
60 Mio. € Bayern München Deutschland Lennart Karl
87%
110 Mio. € FC Chelsea Ecuador Moisés Caicedo
87%
80 Mio. € FC Barcelona Brasilien Raphinha
87%
90 Mio. € FC Liverpool Niederlande Ryan Gravenberch
87%
75 Mio. € Galatasaray Nigeria Victor Osimhen
87%
75 Mio. € RB Leipzig Elfenbeinküste Yan Diomande
87%
75 Mio. € Real Madrid Frankreich Aurélien Tchouaméni
80%
90 Mio. € FC Liverpool Frankreich Hugo Ekitiké
80%
90 Mio. € PSG Georgien Khvicha Kvaratskhelia
80%
75 Mio. € PSG Portugal Nuno Mendes
80%
70 Mio. € PSG Ecuador Willian Pacho
80%
100 Mio. € FC Liverpool Ungarn Dominik Szoboszlai
73%
100 Mio. € FC Barcelona Spanien Fermín López
73%
75 Mio. € FC Chelsea Brasilien João Pedro
73%
70 Mio. € Manchester City Kroatien Josko Gvardiol
73%
65 Mio. € FC Arsenal Norwegen Martin Ødegaard
73%
80 Mio. € FC Arsenal Spanien Martín Zubimendi
73%
65 Mio. € FC Arsenal Schweden Viktor Gyökeres
73%
65 Mio. € Manchester United Slowenien Benjamin Sesko
67%
70 Mio. € PSG Frankreich Bradley Barcola
67%
65 Mio. € Manchester City Belgien Jérémy Doku
67%
65 Mio. € Newcastle United Deutschland Nick Woltemade
67%
65 Mio. € Real Madrid England Trent Alexander-Arnold
67%
75 Mio. € Bayern München Deutschland Aleksandar Pavlovic
60%
70 Mio. € Inter Mailand Italien Alessandro Bastoni
60%
75 Mio. € Newcastle United Brasilien Bruno Guimarães
60%
65 Mio. € FC Liverpool Niederlande Cody Gakpo
60%
80 Mio. € FC Chelsea Brasilien Estêvão
60%
70 Mio. € FC Arsenal Niederlande Jurrien Timber
60%
60 Mio. € Hamburger SV Kroatien Luka Vuskovic
60%
55 Mio. € Borussia Dortmund Deutschland Nico Schlotterbeck
60%
60 Mio. € Manchester City Ägypten Omar Marmoush
60%
80 Mio. € FC Barcelona Spanien Pau Cubarsí
60%
65 Mio. € AC Milan Portugal Rafael Leão
60%
60 Mio. € Newcastle United England Anthony Gordon
53%
65 Mio. € FC Barcelona Frankreich Jules Koundé
53%
55 Mio. € Marseille England Mason Greenwood
53%
70 Mio. € Manchester United Brasilien Mattheus Cunha
53%
65 Mio. € Como Argentinien Nico Paz
53%
65 Mio. € Manchester City Frankreich Rayan Cherki
53%
65 Mio. € Manchester City Spanien Rodri
53%
60 Mio. € Manchester City Portugal Rúben Dias
53%
75 Mio. € AFC Bournemouth Ghana Antoine Semenyo
47%
60 Mio. € Manchester City Niederlande Tijjani Reijnders
47%
55 Mio. € FC Barcelona Spanien Alejandro Balde
40%
60 Mio. € FC Barcelona Spanien Dani Olmo
40%
60 Mio. € FC Arsenal England Eberechi Eze
40%
60 Mio. € Nottingham England Morgan Gibbs-White
40%
80 Mio. € Aston Villa England Morgan Rogers
40%
60 Mio. € PSG Frankreich Warren Zaïre-Emery
40%
60 Mio. € FC Chelsea Portugal Pedro Neto
33%
65 Mio. € Real Madrid Spanien Dean Huijsen
27%
60 Mio. € Nottingham England Elliot Anderson
27%
65 Mio. € Crystal Palace England Marc Guéhi
27%
55 Mio. € Tottenham Ghana Mohammed Kudus
27%
60 Mio. € FC Chelsea England Reece James
27%
60 Mio. € Crystal Palace England Adam Wharton
20%
60 Mio. € Real Madrid Spanien Álvaro Carreras
20%
60 Mio. € Atlético Madrid Spanien Pablo Barrios
20%
55 Mio. € Brighton Kamerun Carlos Baleba
0%
55 Mio. € Stade Rennes Frankreich Jeremy Jacquet
0%
Keine übereinstimmenden Quizze gefunden
Verteilung der Resultate
Anzahl Personen mit jedem Resultat
Perzentil nach korrekt beantworteten Fragen
Ihre Resultats-Entwicklung
Sie haben dieses Quiz seit der letzten Aktualisierung nicht gespielt